00790nam a22002177a 4500999001900000005001700019010001300036020002600049035001300075037002200088082000600110245011800116260003300234270005500267300002400322650001200346700001800358700002000376942002000396952015600416 c168247d16824720190930153447.0 aB-730459 a9789387164253c299.00 aB-730459 bTalking Clubadpl aS aPrankenstein: bThe Book of Crazy Mischief /cEdited by Ruskin Bond and Jerry Pinto; illustrated by Lavanya Naidu aNew DelhibTalking Cubc2017 a4381/4 Ansari Road, Daryaganj,bNew Delhie110002 a145p.c21(Hb)bill. aFiction aPinto, Jerry  aNaidu, Lavanya  2ddccCHhSmPRA 001040708FICaZLSbZLSd2019-09-30eGift/ Eng /26.09.2019g299.00l2m2oS PRApB-730459r2023-11-22 00:00:00s2023-11-08t1v299.00w2019-09-30yCH